000 00641nam a2200241Ia 4500
003 OSt
005 20221005122746.0
006 a|||||r|||| 00| 0
007 ta
008 221004b |||||||| |||| 00| 0 mal d
024 _a56089
037 _cTextual
040 _aCRL
_cCRL
_bmal
041 _2mal
_amal
082 _aO32,2NJA,13, J1
100 _aAchari Jagathy N.K. Au.
_9632556
245 0 _aKarakkukampany
260 _c1951
650 _a MALAYALAM LITERATURE
_938866
650 _aMALAYALAM DRAMA
_9207189
942 _hO32,2NJA,13, J1
_cTEXL
_2cc
999 _c1045278
_d1045278